LEADER 01176nam0-2200253 --450 001 9910264558803321 005 20180410155429.0 100 $a20180410d1957----km y0itay50 ba 101 0 $afre 102 $aCH 105 $ay 001yy 200 1 $aÉtude sur la situation économique de l'Europe en 1956 comprenant une étude des transports européens et de leurs problèmes et une étude de la répartition du revenu en Europe occidentale$e[10. Rapport annuel du Sécretariat de la Commission Économique pour l'Europe. Division des études et des Programmes] 210 $aGenève$cNations Unies$d1957 215 $a1 v. (paginazione varia)$d28 cm 225 1 $aPublications des Nations Unies 610 0 $aEconomia$aEuropa$a1956 710 02$aNazioni Unite.$bEconomic Commission for Europe$0495851 801 0$aIT$bUNINA$gREICAT$2UNIMARC 901 $aBK 912 $a9910264558803321 952 $aC1/29$b3107$fDINTR 959 $aDINTR 996 $aÉtude sur la situation économique de l'Europe en 1956 comprenant une étude des transports européens et de leurs problèmes et une étude de la répartition du revenu en Europe occidentale$91504854 997 $aUNINA